000245516 001__ 245516
000245516 005__ 20250112183555.0
000245516 022__ $$a2694-2445$$l2694-2445
000245516 0247_ $$2ZDBID$$aPERI:(DE-600)3094428-4
000245516 0247_ $$2ZDBPPN$$aZDPPN:1242196447
000245516 0247_ $$2EZBID$$aPERI:(DE-606)480876
000245516 0247_ $$2EZBID$$aPERI:(DE-606)480876
000245516 0247_ $$2EZBID$$aPERI:(DE-606)480876
000245516 0247_ $$2OCLC$$aOCLC:1273310161
000245516 0247_ $$2ISI$$aWOS:ACS PHYSICAL CHEMISTRY AU
000245516 0247_ $$2SCOPUS$$aSCOPUS:21101127319
000245516 0247_ $$2Medline$$amedline:9918300980006676
000245516 035__ $$aPERI:(DE-600)3094428-4
000245516 040__ $$a0355$$bger$$cDE-101$$dJOIN²$$eJOIN² journal identification
000245516 041__ $$aeng
000245516 044__ $$cXD-US
000245516 082__ $$223sdnb$$a530$$qDE-600
000245516 08274 $$223sdnb$$a530$$qDE-600
000245516 2100_ $$2DE-600$$aACS Phys. Chem Au
000245516 2100_ $$2iso$$aACS Phys Chem Au
000245516 2100_ $$2dnlm$$aACS Phys Chem Au
000245516 2100_ $$2iso$$aACS Phys Chem Au
000245516 24220 $$2DE-600$$aACS physical chemistry Au$$ban open access journal of the American Chemical Society$$yen
000245516 24220 $$2DE-600$$aACS physical chemistry Au$$ban open access journal of the American Chemical Society
000245516 245__ $$2DE-600$$aACS physical chemistry Au$$ban open access journal of the American Chemical Society$$honline
000245516 2463_ $$2DE-600$$aACS physical chemistry Au
000245516 2463_ $$aACS physical chemistry Au
000245516 260__ $$aWashington, DC$$bAmerican Chemical Society$$cNovember 24, 2021-
000245516 260_1 $$0Host:(DE-Juel1)19$$2DE-Juel1$$aAmerican Chemical Society
000245516 2607_ $$2DOAJ$$aUnited States$$bAmerican Chemical Society$$d2024-01-23T13:59:12Z$$fACS Physical Chemistry Au
000245516 26431 $$aWashington, DC$$bAmerican Chemical Society$$cNovember 24, 2021-
000245516 3620_ $$2DE-600$$aVolume 1, number 1 (November/December 2021)-
000245516 36301 $$2DE-600$$81.1\x$$a1$$b1$$i2021$$j11
000245516 365__ $$2DOAJ$$aAPC$$b3500$$cUSD$$d2024-01-23T13:59:12Z
000245516 380__ $$2marcgt$$ajournal
000245516 500__ $$aAutomatically generated record. (Updated: 2025-01-02)
000245516 650_7 $$0ASJC:1703$$2ASJC$$aComputational Theory and Mathematics
000245516 650_7 $$0ASJC:1606$$2ASJC$$aPhysical and Theoretical Chemistry
000245516 650_7 $$0ASJC:1706$$2ASJC$$aComputer Science Applications
000245516 650_7 $$0ASJC:1601$$2ASJC$$aChemistry (miscellaneous)
000245516 65310 $$2EZB-Subject$$aChemie und Pharmazie
000245516 65310 $$2EZB-Subject$$aPhysik
000245516 65310 $$2EZB-Keyword$$aPhysikalische Chemie
000245516 65310 $$2DOAJ$$aphysical chemistry$$d2024-01-23T13:59:12Z
000245516 65310 $$2DOAJ$$achemical physics$$d2024-01-23T13:59:12Z
000245516 65310 $$2DOAJ$$atheoretical chemistry$$d2024-01-23T13:59:12Z
000245516 65310 $$2DOAJ$$acomputational chemistry$$d2024-01-23T13:59:12Z
000245516 65310 $$2DOAJ$$amaterials science$$d2024-01-23T13:59:12Z
000245516 65310 $$2DOAJ$$aScience: Chemistry: Physical and theoretical chemistry$$d2024-01-23T13:59:12Z
000245516 7102_ $$0(DE-101)000008532$$2gnd$$4isb$$aAmerican Chemical Society$$eHerausgebendes Organ
000245516 8564_ $$d0$$uhttps://acsopenscience.org/open-access/pricing$$yAPC information
000245516 8564_ $$d0$$uhttps://ezb.ur.de/?3094428-4$$yEZB
000245516 8564_ $$d0$$uhttps://publish.acs.org/publish/author_guidelines?coden=apcach$$yInstructions for Authors
000245516 8564_ $$d0$$uhttps://publish.acs.org/publish/author_guidelines?coden=apcach#editorial_policy$$yReview process
000245516 8564_ $$d0$$uhttps://pubs.acs.org/journal/apcach$$yVerlag = kostenfrei
000245516 8564_ $$d0$$uhttps://pubs.acs.org/page/apcach/about.html$$yScope
000245516 8564_ $$d0$$uhttps://pubs.acs.org/page/apcach/editors.html$$yEditorial board
000245516 8801_ $$2DE-600$$aACS physical chemistry Au$$ban open access journal of the American Chemical Society
000245516 909CO $$ooai:juser.fz-juelich.de:902855$$pauthority$$pauthority:PERI
000245516 909CO $$ooai:juser.fz-juelich.de:902855
000245516 915__ $$0StatID:(DE-HGF)0200$$2StatID$$aDBCoverage$$bSCOPUS$$d2025-01-02
000245516 915__ $$0StatID:(DE-HGF)0300$$2StatID$$aDBCoverage$$bMedline$$d2025-01-02
000245516 915__ $$0StatID:(DE-HGF)0501$$2StatID$$aDBCoverage$$bDOAJ Seal$$d2024-01-23T13:59:12Z
000245516 915__ $$0StatID:(DE-HGF)0500$$2StatID$$aDBCoverage$$bDOAJ$$d2024-01-23T13:59:12Z
000245516 915__ $$0StatID:(DE-HGF)0030$$2StatID$$aPeer Review$$bDOAJ : Anonymous peer review$$d2024-01-23T13:59:12Z
000245516 915__ $$0StatID:(DE-HGF)0199$$2StatID$$aDBCoverage$$bClarivate Analytics Master Journal List$$d2025-01-02
000245516 915__ $$0StatID:(DE-HGF)0112$$2StatID$$aWoS$$bEmerging Sources Citation Index$$d2025-01-02
000245516 915__ $$0StatID:(DE-HGF)0150$$2StatID$$aDBCoverage$$bWeb of Science Core Collection$$d2025-01-02
000245516 915__ $$0StatID:(DE-HGF)0561$$2StatID$$aArticle Processing Charges$$d2025-01-02
000245516 915__ $$0StatID:(DE-HGF)0700$$2StatID$$aFees$$d2025-01-02
000245516 980__ $$aPERI
000245516 980__ $$aAUTHORITY